| 000 | 00559nam a2200229 a 4500 | ||
|---|---|---|---|
| 001 | BS0001312 | ||
| 003 | BR-BrBNA | ||
| 005 | 20230926165218.0 | ||
| 008 | 230308b |||||||| |||| 00| 0 por d | ||
| 040 |
_aBR-BrBNA _bpor _cBiblioteca Nacional de Agricultura |
||
| 041 | _apor | ||
| 072 | _aS86 | ||
| 090 |
_aS86 _bBS0001312 |
||
| 100 | 1 | _aMello, M.A. | |
| 245 | 1 | _aPoesia sempre / | |
| 250 | 1 | _a1. ed. | |
| 260 | 3 |
_aRio de Janeiro: _bJosé Olympio, _c2003. |
|
| 300 | _a63 p. | ||
| 650 | _aLITERATURA BRASILEIRA | ||
| 650 | _aPOESIA | ||
| 942 |
_cBK _2AGRIS |
||
| 999 |
_c6369 _d6369 |
||